000 00623nam a2200181 a 4500
001 001192138
003 AM-YeHGA
005 20250617152827.0
008 161124s1978 ru r 000 0 rus d
040 _aAM-YeHGA
041 1 _arus
_hbak
100 1 _aМирзагитов, Асхат
245 1 0 _aМатери ждут сыновей :
_bПьесы : Перевод с башкирского /
_cАсхат Мирзагитов.
260 _aМосква :
_bСов. писатель,
_c1978.
300 _a415 с., портр.
653 0 _aБашкирская литература - Пьесы
090 _c380640
999 _c378725
_d378725